[Event "FRA Team Ch"]
[Site "SAUTRON"]
[Date "2002.03.??"]
[Round "4.7"]
[White "Crouan, Stephane"]
[Black "Constantin, David"]
[Result "1-0"]
[WhiteElo "2307"]
[BlackElo "2097"]
[PlyCount "97"]
[EventDate "2002.03.??"]
[WhiteTeam "Sautron"]
[BlackTeam "Toulouse"]

1. e4 c5 2. Nf3 d6 3. d4 cxd4 4. Nxd4 Nf6 5. Nc3 a6 6. Bg5 e6 7. f4 Qb6 8. Nb3
Nc6 9. Qe2 Qc7 10. O-O-O Be7 11. h4 h6 12. Bxf6 Bxf6 13. g4 Bxc3 14. bxc3 b5
15. Qd2 Ke7 16. Rh3 Bb7 17. h5 Rad8 18. c4 bxc4 19. Bxc4 a5 20. Bb5 Nb4 21. Kb2
Qb6 22. a4 Bxe4 23. c3 Nc6 24. Qe1 d5 25. Qh4+ f6 26. g5 hxg5 27. fxg5 Ne5 28.
gxf6+ gxf6 29. Nd4 Rhg8 30. Rg3 Nc4+ 31. Kc1 Ne5 32. Rf1 Bf5 33. Rxf5 exf5 34.
Nxf5+ Ke6 35. Ng7+ Kf7 36. h6 Rc8 37. Qh5+ Ke7 38. Nf5+ Ke6 39. Ng7+ Ke7 40. h7
Rh8 41. Qh3 Rcf8 42. Nf5+ Kd8 43. Nd4 f5 44. Re3 Qf6 45. Rxe5 Kc7 46. Rxf5 Qd6
47. Rxf8 Qa3+ 48. Kb1 Rxf8 49. Qd7+ 1-0

[Event "FRA Team Ch"]
[Site "SAUTRON"]
[Date "2002.03.29"]
[Round "4.8"]
[White "Vilaisarn, Akkhavanh"]
[Black "Delorme, Alban"]
[Result "0-1"]
[WhiteElo "2170"]
[BlackElo "2095"]
[PlyCount "108"]
[EventDate "2002.03.??"]
[WhiteTeam "Toulouse"]
[BlackTeam "Sautron"]

1. d4 d5 2. Nf3 Nf6 3. e3 e6 4. Bd3 Be7 5. O-O O-O 6. Nbd2 b6 7. Qe2 c5 8. b3
Bb7 9. Bb2 Nc6 10. a3 Qc7 11. Ne5 Nxe5 12. dxe5 Ne4 13. Bxe4 dxe4 14. Rfd1 Rfd8
15. Qg4 Qc6 16. Nc4 Rd5 17. Nd6 g6 18. Rxd5 exd5 19. Nxb7 Qxb7 20. e6 f6 21. c4
Rd8 22. Rd1 Qc6 23. Rd2 f5 24. Qd1 d4 25. exd4 Bg5 26. d5 Qd6 27. Re2 Qxe6 28.
Qc2 Qe7 29. Qc3 Kf7 30. g3 Bf6 31. Qxf6+ Qxf6 32. Bxf6 Kxf6 33. f4 b5 34. cxb5
Rxd5 35. a4 Ke6 36. Rb2 Rd1+ 37. Kf2 Kd5 38. Ke2 Rh1 39. Rd2+ Ke6 40. Rd8 Rxh2+
41. Kd1 Rb2 42. Ra8 Rxb3 43. Rxa7 Kd5 44. Rxh7 e3 45. Ke2 Ke4 46. Re7+ Kd4 47.
Rd7+ Ke4 48. Re7+ Kd4 49. Re6 Rb2+ 50. Kd1 Ra2 51. Rxg6 Rxa4 52. Re6 Kd3 53.
Kc1 e2 54. Rd6+ Kc3 0-1

[Event "FRA Team Ch"]
[Site "SAUTRON"]
[Date "2002.03.29"]
[Round "4.9"]
[White "Marchadour, Claire"]
[Black "Mourgues, Joelle"]
[Result "1-0"]
[WhiteElo "2127"]
[BlackElo "1770"]
[PlyCount "75"]
[EventDate "2002.03.??"]
[WhiteTeam "Sautron"]
[BlackTeam "Toulouse"]

1. e4 c5 2. Nf3 d6 3. d4 cxd4 4. Nxd4 Nf6 5. Nc3 a6 6. f3 e5 7. Nb3 Be7 8. Be3
Be6 9. Qd2 d5 10. exd5 Nxd5 11. Nxd5 Qxd5 12. Qxd5 Bxd5 13. c4 Bc6 14. Kf2 Nd7
15. Na5 Rc8 16. Be2 Nc5 17. Rhd1 O-O 18. b4 Ne6 19. b5 axb5 20. cxb5 Be8 21. a4
Nc5 22. Nc4 Nb3 23. Rab1 Nd4 24. Nxe5 Nxe2 25. Kxe2 Rc2+ 26. Rd2 Rxd2+ 27. Bxd2
f6 28. Nd3 Bg6 29. Rb3 Rd8 30. a5 Bf7 31. Rc3 Bg6 32. Be3 Rd5 33. a6 bxa6 34.
bxa6 Ra5 35. a7 Ra2+ 36. Kd1 h5 37. Nf4 Ra1+ 38. Rc1 1-0

[Event "FRA Team Ch"]
[Site "SAUTRON"]
[Date "2002.03.??"]
[Round "4.1"]
[White "Baburin, Alexander"]
[Black "Mellado Trivino, Juan"]
[Result "1/2-1/2"]
[WhiteElo "2565"]
[BlackElo "2447"]
[PlyCount "28"]
[EventDate "2002.03.??"]
[WhiteTeam "Monaco"]
[BlackTeam "Orange"]

1. d4 d5 2. c4 dxc4 3. e3 c5 4. Bxc4 cxd4 5. exd4 Qc7 6. Bb3 Bg4 7. f3 Bh5 8.
Nc3 Nf6 9. Nge2 e6 10. O-O Nc6 11. Kh1 Rd8 12. d5 Be7 13. Nb5 Qa5 14. Nbd4 Nxd5
1/2-1/2

[Event "FRA Team Ch"]
[Site "SAUTRON"]
[Date "2002.03.??"]
[Round "4.2"]
[White "De La Riva Aguado, Oscar"]
[Black "Bauer, Christian"]
[Result "1/2-1/2"]
[WhiteElo "2495"]
[BlackElo "2578"]
[PlyCount "49"]
[EventDate "2002.03.??"]
[WhiteTeam "Orange"]
[BlackTeam "Monaco"]

1. e4 e6 2. d4 d5 3. Nc3 Bb4 4. exd5 exd5 5. Bd3 Nc6 6. a3 Bxc3+ 7. bxc3 Nge7
8. Qh5 g6 9. Qf3 Bf5 10. Rb1 b6 11. Ne2 Qd7 12. Bg5 Qe6 13. O-O f6 14. Bxf5
Nxf5 15. Rfe1 O-O 16. Ng3 Qd7 17. Nxf5 fxg5 18. Nh6+ Kg7 19. Qg4 Qxg4 20. Nxg4
Rfe8 21. Rxe8 Rxe8 22. Ne3 Rd8 23. Kf1 h5 24. h3 Kf6 25. Ke2 1/2-1/2

[Event "FRA Team Ch"]
[Site "SAUTRON"]
[Date "2002.03.??"]
[Round "4.3"]
[White "Dorfman, Josif D"]
[Black "Guidarelli, Laurent"]
[Result "1-0"]
[WhiteElo "2602"]
[BlackElo "2283"]
[PlyCount "67"]
[EventDate "2002.03.??"]
[WhiteTeam "Monaco"]
[BlackTeam "Orange"]

1. d4 Nf6 2. c4 c5 3. Nf3 g6 4. Nc3 cxd4 5. Nxd4 Bg7 6. e4 Nc6 7. Be3 O-O 8.
Be2 b6 9. O-O Bb7 10. f3 Qb8 11. Qd2 Rd8 12. Rfd1 d6 13. Rac1 Rd7 14. Ndb5 Qf8
15. Bg5 e6 16. f4 Rad8 17. Bf3 h6 18. Bh4 a6 19. Na3 Ne7 20. Qe1 e5 21. fxe5
dxe5 22. Bf2 Rd6 23. Nd5 Nexd5 24. cxd5 Nd7 25. Nc4 Rf6 26. Bh4 g5 27. Bg3 Rf4
28. Ne3 Nf6 29. Bxf4 exf4 30. Ng4 Nd7 31. Rc7 Bc8 32. e5 Re8 33. e6 f5 34. Rxc8
1-0

[Event "FRA Team Ch"]
[Site "SAUTRON"]
[Date "2002.03.??"]
[Round "4.4"]
[White "Gachon, Lionel"]
[Black "Miralles, Gilles"]
[Result "0-1"]
[WhiteElo "2239"]
[BlackElo "2467"]
[PlyCount "68"]
[EventDate "2002.03.??"]
[WhiteTeam "Orange"]
[BlackTeam "Monaco"]

1. Nf3 Nf6 2. g3 b5 3. Bg2 Bb7 4. O-O e6 5. d3 c5 6. e4 d6 7. a4 a6 8. Re1 Nbd7
9. axb5 axb5 10. Rxa8 Qxa8 11. Na3 Qa6 12. c4 bxc4 13. Nxc4 Nxe4 14. dxe4 Qxc4
15. Nd2 Qa6 16. Re3 Be7 17. Ra3 Qc6 18. Nc4 O-O 19. Na5 Qc7 20. Nxb7 Qxb7 21.
f4 c4 22. Ra4 Qb6+ 23. Kh1 Rc8 24. h3 c3 25. bxc3 Rxc3 26. Ra8+ Nf8 27. Ba3 Qe3
28. Qa1 Qxg3 29. e5 Rc2 30. Qf1 Rd2 31. Bb4 Rd4 32. Be1 Qb3 33. Ra7 Rd1 34. Rb7
Qe3 0-1

[Event "FRA Team Ch"]
[Site "SAUTRON"]
[Date "2002.03.??"]
[Round "4.5"]
[White "Efimov, Igor"]
[Black "Kovarcik, Thomas"]
[Result "1-0"]
[WhiteElo "2444"]
[BlackElo "2243"]
[PlyCount "60"]
[EventDate "2002.03.??"]
[WhiteTeam "Monaco"]
[BlackTeam "Orange"]

1. d4 d5 2. c4 c6 3. cxd5 cxd5 4. Nc3 Nf6 5. Bf4 Nc6 6. e3 a6 7. Bd3 e6 8. Nf3
Be7 9. a3 O-O 10. Qb1 h6 11. O-O Nh5 12. b4 Nxf4 13. exf4 Bf6 14. Rd1 Nxd4 15.
Nxd4 Bxd4 16. Bh7+ Kh8 17. Rxd4 Qf6 18. Qd3 g6 19. Bxg6 fxg6 20. Qd2 Bd7 21.
Re1 Rac8 22. g3 Qg7 23. Ne4 b6 24. Nc3 Rc7 25. Nd1 Rfc8 26. Ne3 Rc3 27. Ng4
Rxa3 28. f5 gxf5 29. Nxh6 Rc4 30. Nf7+ Qxf7 1-0

[Event "FRA Team Ch"]
[Site "SAUTRON"]
[Date "2002.03.??"]
[Round "4.6"]
[White "Guadalpi, David"]
[Black "Rotstein, Arkadij"]
[Result "1-0"]
[WhiteElo "2315"]
[BlackElo "2526"]
[PlyCount "89"]
[EventDate "2002.03.??"]
[WhiteTeam "Orange"]
[BlackTeam "Monaco"]

1. e4 c5 2. Nf3 e6 3. d4 cxd4 4. Nxd4 a6 5. Nc3 b5 6. Bd3 Qb6 7. Be3 Bc5 8. Be2
Nc6 9. Nxc6 dxc6 10. Bxc5 Qxc5 11. Qd3 Nf6 12. f4 e5 13. f5 Ra7 14. O-O-O Rd7
15. Qf3 h5 16. Kb1 Ke7 17. h3 h4 18. Rxd7+ Bxd7 19. Rd1 a5 20. g4 hxg3 21. Qxg3
Kf8 22. Qg5 Be8 23. Qg2 b4 24. Na4 Qe3 25. Bf3 Rh4 26. Rg1 Ke7 27. Rd1 Rf4 28.
Rd3 Qa7 29. b3 c5 30. Nb2 Bb5 31. Rd1 Qc7 32. Nd3 Bxd3 33. Rxd3 c4 34. bxc4 a4
35. Qxg7 a3 36. Qg1 Qxc4 37. Qa7+ Kf8 38. Qb8+ Kg7 39. Qxe5 b3 40. axb3 a2+ 41.
Kb2 a1=B+ 42. Kxa1 Qxc2 43. Rd6 Qc1+ 44. Ka2 Kh7 45. Rxf6 1-0

[Event "FRA Team Ch"]
[Site "SAUTRON"]
[Date "2002.03.??"]
[Round "4.7"]
[White "Marciano, David"]
[Black "Rouchouse, Stevens"]
[Result "1-0"]
[WhiteElo "2505"]
[BlackElo "2185"]
[PlyCount "43"]
[EventDate "2002.03.??"]
[WhiteTeam "Monaco"]
[BlackTeam "Orange"]

1. e4 c5 2. Nf3 e6 3. c4 Nc6 4. Nc3 a6 5. d4 cxd4 6. Nxd4 Nf6 7. Nxc6 dxc6 8.
Qxd8+ Kxd8 9. Bf4 Nd7 10. O-O-O f6 11. Na4 e5 12. Be3 b5 13. Nb6 Rb8 14. cxb5
axb5 15. a4 bxa4 16. Bc4 Kc7 17. Nxa4 Bb4 18. Rd3 Re8 19. Rhd1 Ra8 20. b3 Re7
21. Kb2 Ba6 22. Rxd7+ 1-0

[Event "FRA Team Ch"]
[Site "SAUTRON"]
[Date "2002.03.??"]
[Round "4.8"]
[White "Dacalor, Aurelie"]
[Black "Kosten, Anthony C"]
[Result "0-1"]
[WhiteElo "2137"]
[BlackElo "2533"]
[PlyCount "62"]
[EventDate "2002.03.??"]
[WhiteTeam "Orange"]
[BlackTeam "Monaco"]

1. d4 Nf6 2. c4 d6 3. Nc3 Nbd7 4. e4 e5 5. Nge2 g6 6. Bg5 h6 7. Bh4 Bg7 8. f3
O-O 9. Bf2 c6 10. d5 cxd5 11. Nxd5 Nxd5 12. Qxd5 Nb6 13. Qd3 Be6 14. b3 d5 15.
c5 Nd7 16. Qd2 d4 17. Rc1 Qe7 18. c6 bxc6 19. Rxc6 Rfc8 20. Rxc8+ Rxc8 21. Nc1
Bf6 22. g3 Bg5 23. f4 exf4 24. gxf4 Bf5 25. Bd3 Ne5 26. Be2 Bxe4 27. O-O Ba8
28. Bg3 Qb7 29. Kf2 d3 30. Nxd3 Nxd3+ 31. Bxd3 Re8 0-1

[Event "FRA Team Ch"]
[Site "VANDOEUVRE"]
[Date "2002.??.??"]
[Round "5.2"]
[White "Tkachiev, Vladislav"]
[Black "Paehtz, Elisabeth"]
[Result "1-0"]
[WhiteElo "2634"]
[BlackElo "2383"]
[PlyCount "99"]
[EventDate "2002.03.??"]
[WhiteTeam "Cannes"]
[BlackTeam "Vandoeuvre"]

1. d4 Nf6 2. c4 g6 3. Nf3 Bg7 4. g3 O-O 5. Bg2 d6 6. Nc3 Nc6 7. O-O a6 8. b3
Rb8 9. e3 b5 10. Qe2 Na5 11. cxb5 axb5 12. b4 Nc6 13. a3 Na7 14. Bb2 c6 15.
Rfd1 Nd7 16. d5 Nb6 17. dxc6 Bxc3 18. Bxc3 Na4 19. Rac1 Nxc6 20. Ba1 Qe8 21.
Ng5 Nd8 22. Be4 f6 23. Qa2+ Kg7 24. Rc7 Kh6 25. Nf3 Bg4 26. Rdc1 Ne6 27. Ra7
Qf7 28. Qd2 Nb6 29. Nd4 Ng5 30. Bg2 Nc4 31. Rxc4 bxc4 32. e4 Ra8 33. Rxa8 Rxa8
34. h4 Rxa3 35. Bc3 Qe8 36. Kh2 e5 37. Nf3 Bxf3 38. Bxf3 Qc6 39. hxg5+ fxg5 40.
Kg2 Kg7 41. b5 Qc7 42. Bb4 Rd3 43. Qxg5 Rb3 44. Bd2 Rxb5 45. Qh6+ Kg8 46. Bg4
Qe7 47. Bg5 Qf7 48. Qh3 Rb2 49. Be3 Qc7 50. Bd7 1-0

[Event "FRA Team Ch"]
[Site "VANDOEUVRE"]
[Date "2002.??.??"]
[Round "5.4"]
[White "Godena, Michele"]
[Black "Brunner, Nicolas"]
[Result "1-0"]
[WhiteElo "2487"]
[BlackElo "2238"]
[PlyCount "67"]
[EventDate "2002.03.??"]
[WhiteTeam "Cannes"]
[BlackTeam "Vandoeuvre"]

1. e4 c5 2. Nf3 d6 3. Bc4 Nf6 4. d3 g6 5. O-O Bg7 6. c3 e5 7. Re1 O-O 8. Bg5
Nbd7 9. a4 b6 10. a5 Bb7 11. a6 Bc6 12. Na3 h6 13. Bh4 Re8 14. Qb3 Re7 15. Bb5
Bxb5 16. Nxb5 g5 17. Bg3 Nf8 18. Rad1 Ne6 19. d4 exd4 20. cxd4 cxd4 21. Bxd6
Rd7 22. e5 Ne8 23. Nfxd4 Nxd4 24. Rxd4 Rc8 25. Rdd1 Kh8 26. g3 Rc6 27. Nd4 Rc8
28. Nf5 Rc6 29. Be7 Rxd1 30. Rxd1 Qc8 31. Qxf7 Rc1 32. Rxc1 Qxc1+ 33. Kg2 g4
34. Nd4 1-0

[Event "FRA Team Ch"]
[Site "VANDOEUVRE"]
[Date "2002.??.??"]
[Round "5.5"]
[White "Iglesias, Iannis"]
[Black "Chabanon, Jean-Luc"]
[Result "1-0"]
[WhiteElo "2050"]
[BlackElo "2483"]
[PlyCount "81"]
[EventDate "2002.03.??"]
[WhiteTeam "Vandoeuvre"]
[BlackTeam "Cannes"]

1. e4 c5 2. Nc3 a6 3. d3 b5 4. g3 Bb7 5. Bg2 d6 6. f4 e6 7. Nf3 Nd7 8. O-O b4
9. Ne2 Be7 10. g4 Qc7 11. a3 d5 12. e5 h5 13. g5 bxa3 14. bxa3 g6 15. Rb1 Bc6
16. c4 dxc4 17. dxc4 Bd8 18. Nc3 Ne7 19. Nh4 Bxg2 20. Kxg2 Qc6+ 21. Qf3 Qxf3+
22. Nxf3 Nb6 23. Be3 Nxc4 24. Bxc5 Rc8 25. Na4 Rxc5 26. Nxc5 Ne3+ 27. Kf2 Nxf1
28. Kxf1 Nc6 29. Nxa6 O-O 30. Nb8 Nxb8 31. Rxb8 Be7 32. Rxf8+ Kxf8 33. a4 Ke8
34. Nd2 Kd7 35. Nc4 Bb4 36. Ke2 h4 37. h3 Kd8 38. Nd6 Ke7 39. Nc4 Bc3 40. a5
Kd7 41. Kd3 1-0

[Event "FRA Team Ch"]
[Site "VANDOEUVRE"]
[Date "2002.??.??"]
[Round "5.6"]
[White "Anic, Darko"]
[Black "Klipper, Rebecca"]
[Result "1-0"]
[WhiteElo "2457"]
[BlackElo "2072"]
[PlyCount "99"]
[EventDate "2002.03.??"]
[WhiteTeam "Cannes"]
[BlackTeam "Vandoeuvre"]

1. Nf3 c5 2. c4 Nc6 3. d4 cxd4 4. Nxd4 g6 5. e4 Nf6 6. Nc3 d6 7. Be2 Nxd4 8.
Qxd4 Bg7 9. Bg5 O-O 10. Qd2 Be6 11. Rc1 Qa5 12. f3 Rfc8 13. b3 a6 14. Nd5 Qxd2+
15. Kxd2 Nxd5 16. exd5 Bd7 17. Bd3 b5 18. Rc2 e5 19. Be7 Bh6+ 20. Ke2 Bf8 21.
Bf6 bxc4 22. Bxc4 Bf5 23. Rc3 Rc7 24. g4 Bd7 25. Rhc1 Bg7 26. g5 Bxf6 27. gxf6
Kf8 28. Kd2 Ke8 29. Bd3 Rxc3 30. Rxc3 Kd8 31. b4 Rb8 32. a3 Rb6 33. Rc4 Bb5 34.
Rh4 Bxd3 35. Kxd3 h5 36. Rc4 Kd7 37. h4 Rb5 38. Ke4 a5 39. bxa5 Rxa5 40. a4 Kd8
41. f4 exf4 42. Rd4 f3 43. Kxf3 Rc5 44. Kf4 Rc1 45. Kg5 Rf1 46. Rf4 Rd1 47. Kh6
Rxd5 48. Kg7 g5 49. hxg5 Ke8 50. g6 1-0

[Event "FRA Team Ch"]
[Site "VANDOEUVRE"]
[Date "2002.03.31"]
[Round "5.7"]
[White "Zafaroni, Jeremie"]
[Black "Armas, Julius"]
[Result "0-1"]
[WhiteElo "2010"]
[BlackElo "2385"]
[PlyCount "39"]
[EventDate "2002.03.??"]
[WhiteTeam "Vandoeuvre"]
[BlackTeam "Cannes"]

1. e4 c5 2. Nf3 d6 3. d4 Nf6 4. Nc3 cxd4 5. Nxd4 a6 6. Bg5 Nbd7 7. Bc4 e6 8.
O-O Qa5 9. f4 Qc5 10. Bb3 e5 11. fxe5 dxe5 12. Qf3 Be7 13. Kh1 exd4 14. Nd5 O-O
15. Rae1 Nxd5 16. Bxe7 Nxe7 17. Bxf7+ Kh8 18. Qh5 Qxh5 19. Bxh5 Rxf1+ 20. Rxf1
0-1

[Event "FRA Team Ch"]
[Site "VANDOEUVRE"]
[Date "2002.??.??"]
[Round "5.8"]
[White "Levacic, Damir"]
[Black "Mathieu, Romaric"]
[Result "1-0"]
[WhiteElo "2289"]
[BlackElo "2046"]
[PlyCount "74"]
[EventDate "2002.03.??"]
[WhiteTeam "Cannes"]
[BlackTeam "Vandoeuvre"]

1. d4 Nf6 2. Nf3 g6 3. Bf4 Bg7 4. e3 O-O 5. Be2 d6 6. h3 Nbd7 7. O-O Qe8 8. c4
e5 9. Bh2 h6 10. Nc3 a6 11. Rc1 b6 12. b4 Bb7 13. Re1 Rc8 14. Qb3 Qe7 15. c5
bxc5 16. bxc5 Rb8 17. Qa3 Nd5 18. cxd6 Qxd6 19. Qa5 Qb6 20. Qxb6 cxb6 21. Nxd5
Bxd5 22. Rc7 Rbd8 23. Bxa6 Bxf3 24. gxf3 exd4 25. Bd6 Rfe8 26. Bb5 Re6 27. Bb4
Ne5 28. Kg2 d3 29. f4 d2 30. Rd1 Nd3 31. Rxd2 Re4 32. Ba4 Kh8 33. a3 Ne1+ 34.
Kg3 Rxd2 35. Bxd2 g5 36. Bxe1 gxf4+ 37. Kf3 f5 1-0

[Event "FRA Team Ch"]
[Site "VANDOEUVRE"]
[Date "2002.??.??"]
[Round "5.9"]
[White "Denisart, Anthony"]
[Black "Leconte, Maria"]
[Result "1/2-1/2"]
[WhiteElo "2099"]
[BlackElo "2308"]
[PlyCount "97"]
[EventDate "2002.03.??"]
[WhiteTeam "Vandoeuvre"]
[BlackTeam "Cannes"]

1. d4 d5 2. c4 dxc4 3. Nc3 g6 4. e3 Bg7 5. Bxc4 Nf6 6. Nf3 O-O 7. O-O Nfd7 8.
h3 Nb6 9. Bb3 a5 10. a3 Bd7 11. Bd2 a4 12. Ba2 Na6 13. Ne2 Bc6 14. Ng3 Bd5 15.
Bxd5 Qxd5 16. Rc1 Qb5 17. Qc2 f5 18. Bc3 Rac8 19. Qe2 Qxe2 20. Nxe2 Nd5 21.
Rfd1 Rfd8 22. Be1 Rd7 23. Nc3 Nxc3 24. Bxc3 Rcd8 25. Kf1 e5 26. Ke2 e4 27. Ne1
c5 28. Nc2 Kf7 29. f3 exf3+ 30. gxf3 f4 31. Ba5 Re8 32. dxc5 Rxd1 33. Rxd1 Nxc5
34. Bb4 b6 35. Rd6 Re6 36. Bxc5 bxc5 37. Rd7+ Re7 38. Rc7 fxe3 39. Rxc5 Bxb2
40. Ra5 Rc7 41. Nxe3 Bxa3 42. Rxa4 Bc5 43. Rc4 Bd6 44. Rxc7+ Bxc7 45. Kd3 Ke6
46. Ke4 Bb8 47. f4 Bc7 48. f5+ gxf5+ 49. Nxf5 1/2-1/2

[Event "FRA Team Ch"]
[Site "VANDOEUVRE"]
[Date "2002.??.??"]
[Round "5.2"]
[White "Conquest, Stuart"]
[Black "Pelletier, Yannick"]
[Result "1/2-1/2"]
[WhiteElo "2596"]
[BlackElo "2549"]
[PlyCount "85"]
[EventDate "2002.03.??"]
[WhiteTeam "Clichy"]
[BlackTeam "Mulhouse"]

1. e4 e6 2. d4 d5 3. e5 c5 4. c3 Nc6 5. Nf3 Qb6 6. a3 c4 7. Nbd2 f6 8. Be2 fxe5
9. Nxe5 Nxe5 10. dxe5 Bc5 11. O-O Ne7 12. b4 cxb3 13. Nxb3 O-O 14. Nxc5 Qxc5
15. Qd3 Rf7 16. Rb1 b6 17. Qh3 Qc7 18. Bd3 g6 19. Re1 Qxc3 20. Bb2 Qc6 21. Rbc1
Qd7 22. Rc2 Bb7 23. Rec1 Rc8 24. Rxc8+ Bxc8 25. Qg4 Qd8 26. Qa4 Nf5 27. Bxf5
gxf5 28. Qc6 Bd7 29. Qd6 Qe8 30. f4 Bb5 31. Rc7 Kg7 32. h3 Rxc7 33. Qxc7+ Qd7
34. Qxd7+ Bxd7 35. g4 fxg4 36. hxg4 h5 37. gxh5 Kh6 38. Kf2 Kxh5 39. Ke3 Kg4
40. Bc1 Ba4 41. Bd2 Bc2 42. Bb4 a5 43. Bc3 1/2-1/2

[Event "FRA Team Ch"]
[Site "VANDOEUVRE"]
[Date "2002.??.??"]
[Round "5.3"]
[White "Baklan, Vladimir"]
[Black "Van Wely, Loek"]
[Result "1/2-1/2"]
[WhiteElo "2609"]
[BlackElo "2697"]
[PlyCount "37"]
[EventDate "2002.03.??"]
[WhiteTeam "Mulhouse"]
[BlackTeam "Clichy"]

1. e4 c5 2. Nf3 d6 3. Bb5+ Bd7 4. Bxd7+ Qxd7 5. c4 Nc6 6. d4 cxd4 7. Nxd4 g6 8.
Nc3 Bg7 9. Be3 Nf6 10. f3 O-O 11. O-O a6 12. Rc1 Rfc8 13. b3 Qd8 14. Qd2 Qa5
15. Rfd1 Nxd4 16. Bxd4 b5 17. Bxf6 Bxf6 18. Nd5 Qxd2 19. Nxf6+ 1/2-1/2

[Event "FRA Team Ch"]
[Site "VANDOEUVRE"]
[Date "2002.??.??"]
[Round "5.4"]
[White "Degraeve, Jean-Marc"]
[Black "Milov, Vadim"]
[Result "1/2-1/2"]
[WhiteElo "2591"]
[BlackElo "2595"]
[PlyCount "83"]
[EventDate "2002.03.??"]
[WhiteTeam "Clichy"]
[BlackTeam "Mulhouse"]

1. e4 c5 2. Nf3 Nc6 3. Bb5 e6 4. O-O Nge7 5. c3 d5 6. exd5 Nxd5 7. d4 cxd4 8.
Nxd4 Bd7 9. Nxc6 Bxc6 10. Bxc6+ bxc6 11. c4 Nf6 12. Qf3 Qc7 13. Nc3 Be7 14. Bf4
Qb7 15. b3 O-O 16. Rad1 Rfd8 17. h3 Rxd1 18. Rxd1 Rd8 19. Rxd8+ Bxd8 20. Qd3
Be7 21. Be3 c5 22. Na4 Nd7 23. Qd2 Qc6 24. Qa5 a6 25. Bf4 f5 26. Qc7 Qxc7 27.
Bxc7 Kf7 28. f3 Bf6 29. Kf1 Bd4 30. Ke2 e5 31. Kd3 Ke6 32. Nc3 Nf6 33. Ne2 Bf2
34. a3 Be1 35. Nc3 Bxc3 36. Kxc3 Nh5 37. g4 fxg4 38. hxg4 Nf4 39. b4 cxb4+ 40.
axb4 g6 41. Kd2 h5 42. gxh5 1/2-1/2

[Event "FRA Team Ch"]
[Site "VANDOEUVRE"]
[Date "2002.??.??"]
[Round "5.5"]
[White "Koch, Jean-Rene"]
[Black "Relange, Eloi"]
[Result "1-0"]
[WhiteElo "2498"]
[BlackElo "2491"]
[PlyCount "55"]
[EventDate "2002.03.??"]
[WhiteTeam "Mulhouse"]
[BlackTeam "Clichy"]

1. e4 c5 2. Nf3 d6 3. d4 cxd4 4. Nxd4 Nf6 5. Nc3 Nc6 6. Be2 e6 7. Be3 Be7 8.
O-O O-O 9. f4 a6 10. Qe1 Nxd4 11. Bxd4 b5 12. a3 Bb7 13. Qg3 g6 14. Bd3 a5 15.
Rae1 b4 16. axb4 axb4 17. Nd1 d5 18. e5 Ne4 19. Qe3 Qc7 20. Nf2 Nxf2 21. Rxf2
Ba6 22. Ref1 Bxd3 23. cxd3 h5 24. f5 exf5 25. Qh6 g5 26. Rxf5 Qd8 27. e6 f6 28.
Rxg5+ 1-0

[Event "FRA Team Ch"]
[Site "VANDOEUVRE"]
[Date "2002.??.??"]
[Round "5.6"]
[White "Hebden, Mark"]
[Black "Ekstroem, Roland"]
[Result "1/2-1/2"]
[WhiteElo "2552"]
[BlackElo "2480"]
[PlyCount "55"]
[EventDate "2002.03.??"]
[WhiteTeam "Clichy"]
[BlackTeam "Mulhouse"]

1. d4 Nf6 2. Nf3 d5 3. c4 e6 4. Bg5 Be7 5. Nc3 h6 6. Bh4 O-O 7. e3 Ne4 8. Bxe7
Qxe7 9. Rc1 Nxc3 10. Rxc3 c6 11. Bd3 dxc4 12. Bxc4 Nd7 13. O-O b6 14. Qe2 a5
15. Rd1 Bb7 16. Rc2 Rfd8 17. a3 c5 18. Bb5 Rac8 19. Ba6 Bxa6 20. Qxa6 e5 21.
Qb7 exd4 22. exd4 Rb8 23. Qa6 Ne5 24. Nxe5 Qxe5 25. dxe5 Rxd1+ 26. Qf1 Rbd8 27.
g3 Kf8 28. Rc3 1/2-1/2

[Event "FRA Team Ch"]
[Site "VANDOEUVRE"]
[Date "2002.??.??"]
[Round "5.7"]
[White "Marzolo, Cyril"]
[Black "Apicella, Manuel"]
[Result "0-1"]
[WhiteElo "2403"]
[BlackElo "2520"]
[PlyCount "48"]
[EventDate "2002.03.??"]
[WhiteTeam "Mulhouse"]
[BlackTeam "Clichy"]

1. d4 d5 2. c4 e6 3. Nf3 c6 4. Nbd2 f5 5. g4 fxg4 6. Ne5 Qh4 7. Rg1 Nf6 8. h3
g3 9. fxg3 Qxd4 10. Nef3 Qb6 11. Qc2 Na6 12. a3 e5 13. b4 e4 14. c5 Nxc5 15.
bxc5 Bxc5 16. Rb1 exf3 17. exf3 Bf2+ 18. Kd1 Qe3 19. Be2 Bxg1 20. Nf1 Qd4+ 21.
Bd2 O-O 22. Qxh7+ Nxh7 23. Rxb7 Bxb7 24. Kc2 Qa4+ 0-1

[Event "FRA Team Ch"]
[Site "VANDOEUVRE"]
[Date "2002.??.??"]
[Round "5.8"]
[White "Verat, Laurent"]
[Black "Claverie, Christophe"]
[Result "1/2-1/2"]
[WhiteElo "2337"]
[BlackElo "2363"]
[PlyCount "79"]
[EventDate "2002.03.??"]
[WhiteTeam "Clichy"]
[BlackTeam "Mulhouse"]

1. d4 Nf6 2. c4 e6 3. g3 c5 4. d5 exd5 5. cxd5 d6 6. Nc3 g6 7. Bg2 Bg7 8. Nf3
O-O 9. O-O a6 10. a4 Re8 11. Re1 Nbd7 12. e4 Qc7 13. h3 Rb8 14. Bf1 c4 15. Qe2
Nxe4 16. Nxe4 f5 17. Nfg5 fxe4 18. Ne6 Rxe6 19. dxe6 Nc5 20. Qxc4 Bxe6 21. Qc2
Bb3 22. Bc4+ Bxc4 23. Qxc4+ Qf7 24. Qxf7+ Kxf7 25. Bf4 Rd8 26. Rac1 Bxb2 27.
Rc2 Bf6 28. Rb1 Rd7 29. a5 Nd3 30. Rc8 Nxf4 31. gxf4 Bd8 32. Rb8 Bxa5 33. R1xb7
Rxb7 34. Rxb7+ Ke6 35. Rxh7 Bc3 36. Rc7 Bd2 37. Rg7 Kf6 38. Ra7 a5 39. Kf1 d5
40. Ke2 1/2-1/2

[Event "FRA Team Ch"]
[Site "VANDOEUVRE"]
[Date "2002.??.??"]
[Round "5.9"]
[White "Muller, Anne"]
[Black "Costagliola, Marina"]
[Result "1/2-1/2"]
[WhiteElo "2167"]
[BlackElo "2261"]
[PlyCount "140"]
[EventDate "2002.03.??"]
[WhiteTeam "Mulhouse"]
[BlackTeam "Clichy"]

1. e4 e5 2. Nf3 Nc6 3. Bb5 g6 4. O-O Bg7 5. c3 a6 6. Ba4 d6 7. h3 Bd7 8. d4 h6
9. Be3 Nf6 10. Nbd2 O-O 11. Re1 Nh5 12. Nf1 Kh7 13. Bc2 Ne7 14. N1h2 b6 15. Ng4
f6 16. Qd2 g5 17. Rad1 Be6 18. Qe2 Qe8 19. g3 Qf7 20. Kg2 Ng6 21. d5 Bd7 22. b4
a5 23. a3 f5 24. exf5 Bxf5 25. Bxf5 Qxf5 26. Bc1 Rf7 27. Qe4 Raf8 28. Qxf5 Rxf5
29. Rd3 R5f7 30. Re4 Ne7 31. Nfh2 Ng8 32. bxa5 Nhf6 33. Ra4 Nd7 34. Rd2 Nc5 35.
Rb4 bxa5 36. Rbb2 e4 37. Rbc2 Ne7 38. c4 Nd3 39. Re2 Nxc1 40. Rxc1 h5 41. Ne3
Bd4 42. Nhf1 Kg6 43. Rb1 Nc8 44. Rb8 Bc5 45. Ra8 Bb6 46. Nd2 Bxe3 47. fxe3 Nb6
48. Rxa5 Kf5 49. Rf2+ Ke5 50. Rxf7 Rxf7 51. Ra7 g4 52. hxg4 hxg4 53. a4 Nxd5
54. cxd5 Kxd5 55. Ra5+ c5 56. Rb5 Kc6 57. Nxe4 Re7 58. Nf6 Rxe3 59. Nxg4 Re4
60. Kf3 Rxa4 61. Rb8 d5 62. Rc8+ Kd6 63. Ne3 d4 64. Nf5+ Kd5 65. g4 Ra1 66.
Rd8+ Ke5 67. Re8+ Kf6 68. Rc8 Rf1+ 69. Ke2 Rf4 70. Rxc5 Rxg4 1/2-1/2

[Event "FRA Team Ch"]
[Site "VANDOEUVRE"]
[Date "2002.??.??"]
[Round "5.1"]
[White "Landa, Konstantin"]
[Black "Legky, Nikolay A"]
[Result "0-1"]
[WhiteElo "2619"]
[BlackElo "2485"]
[PlyCount "56"]
[EventDate "2002.03.??"]
[WhiteTeam "Nancy"]
[BlackTeam "Drancy"]

1. e4 e6 2. d4 d5 3. Nc3 a6 4. exd5 exd5 5. Bf4 Nf6 6. Qd2 Bb4 7. f3 O-O 8.
O-O-O Nbd7 9. h4 b5 10. h5 Nb6 11. Kb1 Rb8 12. Nge2 Nc4 13. Qd3 a5 14. g4 Ba6
15. g5 Bxc3 16. Qxc3 b4 17. Qe1 Ne8 18. Nc1 a4 19. Qg3 Rb6 20. Bd3 Na3+ 21.
bxa3 bxa3+ 22. Nb3 Qb8 23. Bxa6 axb3 24. axb3 Rxb3+ 25. Ka1 Rb2 26. Rb1 Qb6 27.
g6 Qxa6 28. gxh7+ Kxh7 0-1

[Event "FRA Team Ch"]
[Site "VANDOEUVRE"]
[Date "2002.??.??"]
[Round "5.2"]
[White "David, Alberto"]
[Black "Gormally, Dan"]
[Result "1/2-1/2"]
[WhiteElo "2506"]
[BlackElo "2516"]
[PlyCount "30"]
[EventDate "2002.03.??"]
[WhiteTeam "Drancy"]
[BlackTeam "Nancy"]

1. e4 c5 2. Nf3 d6 3. d4 cxd4 4. Nxd4 Nf6 5. Nc3 a6 6. Bg5 e6 7. f4 Nc6 8. Qd2
h6 9. Bxf6 Qxf6 10. Nf3 g5 11. g3 gxf4 12. gxf4 Ne5 13. Qe3 Ng4 14. Qd2 Ne5 15.
Qe3 Ng4 1/2-1/2